000 00626nam a22001697a 4500
003 OSt
005 20260319153812.0
008 260319b |||||||| |||| 00| 0 eng d
040 _cMRSPTU
041 _aEnglish
100 _aShivani, Supervisor: Dr. Uttam Kumar Mandal
245 _aComparative Evaluation Of Various Chemical And Mechanical Means For Cutaneous Permeation Enhancement Of A Pharmaceutical Gel Formulation
260 _bDepartment of Pharmacy, MRSPTU, Bathinda
_c2021
650 _aPharmaceutical Sciences and Technology
856 _uhttp://163.47.215.52:8080/jspui/handle/123456789/81
942 _2ddc
_cTH
_n0
999 _c11208
_d11208